| 000 | 01110nac a22003131i 4500 | ||
|---|---|---|---|
| 003 | EG-ScBUE | ||
| 005 | 20240423122120.0 | ||
| 008 | 240423t2003 ctuab f b 001 0 eng d | ||
| 020 | _a0300098561 (alk. paper) | ||
| 020 | _a9780300121056 | ||
| 040 |
_aEG-ScBUE _beng _erda _cEG-ScBUE _dEG-ScBUE |
||
| 043 | _aa-ir--- | ||
| 082 | 0 | 4 |
_a955.05 _bKED _222 |
| 100 | 1 |
_aKeddie, Nikki R., _eauthor. |
|
| 245 | 1 | 0 |
_aModern Iran : _broots and results of revolution / _cNikki R. Keddie ; with a section by Yann Richard. |
| 264 | 1 |
_aNew Haven, Conn. : _bYale University Press, _c[2003] |
|
| 264 | 4 | _cc2003 | |
| 300 |
_axvi, 379 pages : _billustrations, maps ; _c24 cm |
||
| 336 |
_2rdacontent _atext _btxt |
||
| 337 |
_aunmediated _2rdamedia _bn |
||
| 338 |
_avolume _bnc _2rdacarrier |
||
| 500 | _aRev., updated ed. of: Roots of revolution. 1981. | ||
| 504 | _aIncludes bibliographical references and index. | ||
| 651 | 7 |
_aIran _xHistory _y20th century. _2BUEsh |
|
| 651 | 7 |
_aIran _xHistory _yRevolution, 1979. _2BUEsh |
|
| 655 | _vReading book | ||
| 700 | 1 |
_aRichard, Yann, _econtributer. |
|
| 942 |
_cBB _2ddc |
||
| 999 |
_c8567 _d8567 |
||